Personnages Cocovoit - Statistiques

Statistiques générales
  • Ce quiz a été pris 10 fois
  • Le résultat moyen est 5 sur 8
Statistiques - réponses
Par images Hint Réponse % Correct
Youtubeur inconnu Guizmo
100%
On l'apprécie pas trop mais il est gentil Polo
100%
Râle tout le temps Berthier
78%
Mangeur de petite boule de couleur Mim's
56%
Voleur P'tit Filou
56%
Pas marrant du tout Zibo le Clown
56%
Intelligent Jean Louis
44%
Victime à chaque épisode Number one
11%
Aucun quiz correspondant
Distribution des résultats
% des personnes avec chaque résultat
Percentile par nombre de réponses
Votre historique - résultats
Vous n’avez pas pris ce quiz